<?xml version="1.0" encoding="UTF-8"?>
<record
    xmlns:xsi="http://www.w3.org/2001/XMLSchema-instance"
    xsi:schemaLocation="http://www.loc.gov/MARC21/slim http://www.loc.gov/standards/marcxml/schema/MARC21slim.xsd"
    xmlns="http://www.loc.gov/MARC21/slim">

  <leader>00748nam a22001577a 4500</leader>
  <controlfield tag="003">LRUA</controlfield>
  <controlfield tag="005">20200117145900.0</controlfield>
  <controlfield tag="008">200117b        xxu||||| |||| 00| 0 eng d</controlfield>
  <datafield tag="040" ind1=" " ind2=" ">
    <subfield code="c">RUA</subfield>
  </datafield>
  <datafield tag="082" ind1=" " ind2=" ">
    <subfield code="a">AED CHO 2018 B657 Or.1</subfield>
  </datafield>
  <datafield tag="100" ind1=" " ind2=" ">
    <subfield code="9">14116</subfield>
    <subfield code="a">CHOR MACH &#x1787; &#x1798;&#x17C9;&#x17B6;&#x1785;</subfield>
  </datafield>
  <datafield tag="245" ind1=" " ind2=" ">
    <subfield code="a">the study on economice efficiency of rainy season rice production in prey sloek commune, treang district, takeo province &#x1780;&#x17B6;&#x179A;&#x179F;&#x17B7;&#x1780;&#x17D2;&#x179F;&#x17B6;&#x1796;&#x17B8;&#x1794;&#x17D2;&#x179A;&#x179F;&#x17B7;&#x1791;&#x17D2;&#x1792;&#x1797;&#x17B6;&#x1796;&#x179F;&#x17C1;&#x178A;&#x17D2;&#x178B;&#x1793;&#x17C3;&#x1795;&#x179B;&#x17B7;&#x178F;&#x1795;&#x178F;&#x1780;&#x1798;&#x17D2;&#x1798;&#x179F;&#x17D2;&#x179A;&#x17BC;&#x179C;&#x179C;&#x179F;&#x17D2;&#x179F;&#x17B6;&#x179A;&#x1793;&#x17C5;&#x1783;&#x17BB;&#x17C6;&#x1796;&#x17D2;&#x179A;&#x17C3;&#x179F;&#x17D2;&#x179B;&#x17B9;&#x1780; &#x179F;&#x17D2;&#x179A;&#x17BB;&#x1780;&#x1791;&#x17D2;&#x179A;&#x17B6;&#x17C6; &#x1781;&#x17C1;&#x178F;&#x17D2;&#x178F;&#x1780;&#x17C2;&#x179C;</subfield>
  </datafield>
  <datafield tag="260" ind1=" " ind2=" ">
    <subfield code="a">RUA</subfield>
    <subfield code="b">Phnom penh </subfield>
    <subfield code="c">2018</subfield>
  </datafield>
  <datafield tag="300" ind1=" " ind2=" ">
    <subfield code="a">xi;54p</subfield>
    <subfield code="b">ill;</subfield>
    <subfield code="c">29cm</subfield>
  </datafield>
  <datafield tag="942" ind1=" " ind2=" ">
    <subfield code="2">ddc</subfield>
    <subfield code="c">AED</subfield>
  </datafield>
  <datafield tag="999" ind1=" " ind2=" ">
    <subfield code="c">18744</subfield>
    <subfield code="d">18744</subfield>
  </datafield>
  <datafield tag="952" ind1=" " ind2=" ">
    <subfield code="0">0</subfield>
    <subfield code="1">0</subfield>
    <subfield code="2">ddc</subfield>
    <subfield code="4">0</subfield>
    <subfield code="6">AED_CHO_2018_000000000000000_B657_OR_1</subfield>
    <subfield code="7">0</subfield>
    <subfield code="9">83205</subfield>
    <subfield code="a">LBB</subfield>
    <subfield code="b">LBB</subfield>
    <subfield code="c">B657</subfield>
    <subfield code="d">2020-01-17</subfield>
    <subfield code="l">2</subfield>
    <subfield code="o">AED CHO 2018 B657 Or.1</subfield>
    <subfield code="p">A43098</subfield>
    <subfield code="r">2025-02-20</subfield>
    <subfield code="s">2024-12-03</subfield>
    <subfield code="w">2020-01-17</subfield>
    <subfield code="y">AED</subfield>
  </datafield>
  <datafield tag="952" ind1=" " ind2=" ">
    <subfield code="0">0</subfield>
    <subfield code="1">0</subfield>
    <subfield code="2">ddc</subfield>
    <subfield code="4">0</subfield>
    <subfield code="6">AED_CHO_2018_000000000000000_B657_OR_2</subfield>
    <subfield code="7">0</subfield>
    <subfield code="9">83206</subfield>
    <subfield code="a">LBB</subfield>
    <subfield code="b">LBB</subfield>
    <subfield code="c">B657</subfield>
    <subfield code="d">2020-01-17</subfield>
    <subfield code="o">AED CHO 2018 B657 Or.2</subfield>
    <subfield code="p">A43363</subfield>
    <subfield code="r">2020-01-17</subfield>
    <subfield code="w">2020-01-17</subfield>
    <subfield code="y">AED</subfield>
  </datafield>
  <datafield tag="952" ind1=" " ind2=" ">
    <subfield code="0">0</subfield>
    <subfield code="1">0</subfield>
    <subfield code="2">ddc</subfield>
    <subfield code="4">0</subfield>
    <subfield code="6">AED_CHO_2018_000000000000000_B657_OR_3</subfield>
    <subfield code="7">0</subfield>
    <subfield code="9">83207</subfield>
    <subfield code="a">LBB</subfield>
    <subfield code="b">LBB</subfield>
    <subfield code="c">B657</subfield>
    <subfield code="d">2020-01-17</subfield>
    <subfield code="o">AED CHO 2018 B657 Or.3</subfield>
    <subfield code="p">A43158</subfield>
    <subfield code="r">2020-01-17</subfield>
    <subfield code="w">2020-01-17</subfield>
    <subfield code="y">AED</subfield>
  </datafield>
  <datafield tag="952" ind1=" " ind2=" ">
    <subfield code="0">0</subfield>
    <subfield code="1">0</subfield>
    <subfield code="2">ddc</subfield>
    <subfield code="4">0</subfield>
    <subfield code="6">AED_CHO_2018_000000000000000_B657_OR_4</subfield>
    <subfield code="7">0</subfield>
    <subfield code="9">83208</subfield>
    <subfield code="a">LBB</subfield>
    <subfield code="b">LBB</subfield>
    <subfield code="c">B657</subfield>
    <subfield code="d">2020-01-17</subfield>
    <subfield code="l">2</subfield>
    <subfield code="o">AED CHO 2018 B657 Or.4</subfield>
    <subfield code="p">A43483</subfield>
    <subfield code="r">2024-07-06</subfield>
    <subfield code="s">2024-06-25</subfield>
    <subfield code="w">2020-01-17</subfield>
    <subfield code="y">AED</subfield>
  </datafield>
  <datafield tag="952" ind1=" " ind2=" ">
    <subfield code="0">0</subfield>
    <subfield code="1">0</subfield>
    <subfield code="2">ddc</subfield>
    <subfield code="4">0</subfield>
    <subfield code="6">AED_CHO_2018_000000000000000_B657_OR_5</subfield>
    <subfield code="7">0</subfield>
    <subfield code="9">83209</subfield>
    <subfield code="a">LBB</subfield>
    <subfield code="b">LBB</subfield>
    <subfield code="c">B657</subfield>
    <subfield code="d">2020-01-17</subfield>
    <subfield code="l">3</subfield>
    <subfield code="o">AED CHO 2018 B657 Or.5</subfield>
    <subfield code="p">A43348</subfield>
    <subfield code="r">2024-06-04</subfield>
    <subfield code="s">2024-05-31</subfield>
    <subfield code="w">2020-01-17</subfield>
    <subfield code="y">AED</subfield>
  </datafield>
  <datafield tag="952" ind1=" " ind2=" ">
    <subfield code="0">0</subfield>
    <subfield code="1">0</subfield>
    <subfield code="2">ddc</subfield>
    <subfield code="4">0</subfield>
    <subfield code="6">AED_CHO_2018_000000000000000_B657_OR_6</subfield>
    <subfield code="7">0</subfield>
    <subfield code="9">83210</subfield>
    <subfield code="a">LBB</subfield>
    <subfield code="b">LBB</subfield>
    <subfield code="c">B657</subfield>
    <subfield code="d">2020-01-17</subfield>
    <subfield code="l">1</subfield>
    <subfield code="o">AED CHO 2018 B657 Or.6</subfield>
    <subfield code="p">A43333</subfield>
    <subfield code="r">2023-10-24</subfield>
    <subfield code="s">2023-10-02</subfield>
    <subfield code="w">2020-01-17</subfield>
    <subfield code="y">AED</subfield>
  </datafield>
</record>
